000
00338pam a2200157a 44500
008
230515b2009 xxu||||| |||| 00| 0 eng d
020
_a
NULL
041
_a
ENGLISH
082
_a
611/BAN
100
_a
BANSAL
245
_a
ORAL HISTOLOGY & ANATOMY
250
_a
1ST
260
_a
_b
C B S PUB
_c
2009
300
_a
170
650
_a
NULL
999
_c
560529
_d
560529